000 01858nam a2200385 a 4500
003 Mxchpua
005 20240524173918.0
007 ta
008 240524s2022 mx abdefs|||| 001 0 spa d
040 _amxchpua
090 _aT.C.899
_bS26 EIUPA
_c2022
245 1 0 _aSituación actual de la empresa Sociedad Cooperativa Lado Obreras de Bacalar, S.C. de R.L. de C.V. /
_ccoordinadora Ofelia Sandoval Castilla ; colaboradores Gilberto Salvador Cruz Alba...[y otros]
260 _aMéxico :
_bEl autor,
_c2022
300 _a1 recurso enlínea (138 páginas) :
_bilustraciones, mapas, gráficas, diagramas, tablas, fotos, planos
336 _2rdacontent
_atexto
_btxt
337 _2rdamedia
_acomputadora
_bc
338 _2rdacarrier
_arecurso en línea
_bcr
500 _aGrado 7° Grupo 2 -- Los planos están incluidos en el reporte
502 _aVijae de Estudios
_b(EIUPA) --
_cUACh. Departamento de Ingeniería Agroindustrial,
_d2022
504 _aBibliografía: páginas 113-114
505 0 _a6 planos: -- 1. Plano de áreas -- 2. Plano de distribución de equipos -- 3. Diagrama de flujo de proceso -- 4. Diagrama de recorrido -- 5. DTI -- 6. Diagrama unifilar
650 1 3 _9154290
_aCocos (fruto)
_xIndustria y comercio
_zMéxico
_zQuintana Roo
650 1 3 _9148327
_aProductos derivados del coco
650 1 7 _92411
_aAgua de coco
650 1 3 _9163557
_aLeche de coco
650 1 7 _9427
_aAceite de coco
650 1 3 _9152640
_aCoconuts
_xIndustry and trade
_zMexico
_zQuintana Roo
650 1 3 _9148324
_aCoconut products
650 1 3 _9187523
_aCoconut water
650 1 3 _9163555
_aCoconut milk
650 1 3 _9161693
_aCoconut oil
700 1 _9151810
_aSandoval Castilla, Ofelia
_ecoordinadora
700 1 _9189122
_aCruz Alba, Gilberto Salvador
856 4 0 _uhttp://10.13.5.2/ve/TC899_EIUPA/TC899_EIUPA_2022-REPORTE.pdf
_yDESCARGAR REPORTE
999 _c219932
_d219932